MARC

LEADER 00000nam0a2200000 4500
001 66165
005 20231101212239.0
035 |a (RuTPU)RU\TPU\book\70266 
090 |a 66165 
100 |a 20040723d2005 m y0rusy50 ca 
101 0 |a rus 
102 |a RU 
105 |a y j 001zy 
200 1 |a Гендерология и феминология  |e учебное пособие  |f Г. К. Гульбин  |g Томский политехнический университет (ТПУ), Институт дистанционного образования (ИДО) 
210 |a Томск  |c Изд-во ТПУ  |d 2005 
215 |a 167 с. 
320 |a Библиогр.: с. 162-163. 
320 |a Словарь терминов: с. 164-166. 
320 |a Библиография в конце глав. 
606 1 |a Гендерная политика  |x Социология  |2 stltpush  |3 (RuTPU)RU\TPU\subj\69867  |9 84542 
610 1 |a социология 
610 1 |a политика 
610 1 |a гендер 
610 1 |a гендерная социализация 
610 1 |a гендерная экономика 
610 1 |a гендерное неравенство 
610 1 |a гендерное равенство 
610 1 |a гендерные проблемы 
610 1 |a феминология 
610 1 |a социальный статус 
610 1 |a история 
610 1 |a семья 
610 1 |a женщины 
610 1 |a социальная политика 
610 1 |a пол 
610 1 |a общественные движения 
610 1 |a международные организации 
610 1 |a международные конференции 
610 1 |a учебные пособия 
610 1 |a дистанционное обучение 
610 1 |a труды учёных ТПУ 
686 |a С55.53я73  |v LBC/SL-A  |2 rubbk 
686 |a Ф74(0)я73  |v LBC/SL-A  |2 rubbk 
700 1 |a Гульбин  |b Г. К.  |c российский философ  |c доцент Томского политехического университета  |g Геннадий Константинович  |2 stltpush  |3 (RuTPU)RU\TPU\pers\24660 
712 0 2 |a Томский политехнический университет (ТПУ)  |b Институт дистанционного образования (ИДО)  |2 stltpush  |3 (RuTPU)RU\TPU\col\12625 
801 1 |a RU  |b 63413507  |c 20040723  |g PSBO 
801 2 |a RU  |b 63413507  |c 20190610  |g PSBO 
900 |a Гендерология и феминология 
942 |c BK